Megalithic Societies: Old Questions, New Narratives

Saved in:

Other Authors: Higginbottom, Gail M. (Editor), Verdonkschot, Jadranka (Editor), Scarre, Chris (Editor), González-García, A. César (Editor), Criado-Boado, Felipe (Editor)

Format: Book

Published: Oxford Archaeopress Publishing Ltd 2026

Tags: Add Tag

No Tags, Be the first to tag this record!

Call Number:

LEADER 00866namaa2200217 4500
001 9781805830764
003 UkOxAP
005 20260405155020.0
020 |a 9781805830771 
776 1 |x 9781805830764 
245 0 0 |a Megalithic Societies: Old Questions, New Narratives 
100 1 |a Higginbottom, Gail M.  |e Editor  |l English 
700 1 |a Verdonkschot, Jadranka  |e Editor  |l English 
700 1 |a Scarre, Chris  |e Editor  |l English 
700 1 |a González-García, A. César  |e Editor  |l English 
700 1 |a Criado-Boado, Felipe  |e Editor  |l English 
856 4 2 |a http://library.arce.org:8087/Archaeopress/Products/9781805830771 
260 |a Oxford  |b Archaeopress Publishing Ltd  |c 2026 
270 |a Archaeopress Publishing Ltd, Summertown Pavillion, 18 -24 Middle Way, Summertown  |b Oxford  |d United Kingdom  |e OX2 7LG  |k 44-1865-311914  |m info@archaeopress.com 
942 |2 lcc  |c EBOOK 
999 |c 62179  |d 62179